01165na a2200301 450000100060000000300080000600500170001400800410003102000150007204000250008704100080011208200250012009000240014511100980016924501060026724600410037326000690041430000330048350400320051665000320054865000430058065000340062370000190065771000550067694200130073195201060074499900130085017551MIRAKIL20181213154758.0161025b tu 000 0  a975429108x aMilasbturcTR-AnCHP atur a333.917564bI55 1996 a333.917564 I55 1996 aImmediate Needs For Research, Education - Training, & ImplementationcSarigerme, Turkeyd1996 aProceedings of the International Workshopb2-5 November 1996, Sarigerme, Turkeyceditor Erdal Özhan a2-5 November 1996, Sarigerme, Turkey aAnkara, TurkeybMEDCOAST, Middle East Technical Universityc1996 a531 s.bgrf. , tbl. c30 sm. aBibliyografya ve dizin var. aÇevrevAkdenizxKongreler aKıyı bölgelerivAkdenizxKongreler aKıyılarvAkdenizxKongreler aÖzhan, Erdal aOrta Doğu Teknik Üniversitesi (Ankara, Turkey) 2ddccBKS a0001b0001d2016-10-25e2l0o333.917564 I55 1996p008541r2016-10-25 00:00:00v0.00w2016-10-25yBKS c706d706